000 00744cam a22002172 4500
001 0000005131
005 20151217151953.0
008 070606s xx 000 0 eng d
020 _a0882850504 :
_cKES 2,400
040 _aKABU
_cKABU
050 0 _aTD194.6
_b.G74
245 1 0 _aPrimer on industrial environmental impact /
_cMichael R. Greenberg ... [et al]
260 _aPiscataway, NJ :
_bThe Centre for Urban Policy Research,
_cc1979.
300 _a299 p. ;
_c24 cm.
650 0 _aEnvironmental impact analysis.
_@0000156236
650 0 _aIndustrial location
_xEnvironmental aspects.
_@0000156244
700 1 _aGreenberg, Michael R.
_@0000156245
908 _a070606
950 _@1
999 _c6861
_d6861